00209nam a2200073Ia 4500008004100000100002300041245004800064260002300112120527s9999 xx 000 0 und d aOSUN STATE OF NIG. aApproved estimates including budget speches bBureau of Computer